000 00567nam a2200217 a 4500
999 _c10188
_d10188
001 10188
003 BD-JhCC
005 20180521110429.0
008 180419s1972 e a|||| || | 000 0 eng d
035 _a(BD-JhCC)10188
040 _aBD-JhCC
_dBD-JhCC
041 _aeng
082 _a338.27282
_bWYM 1972
100 _aWymer, Norman
245 _aOil :
_bLongman Structural Readers Non-Fiction Stage 4 /
_cNorman Wymer,
260 _aLondon :
_bLongman Group Limited,
_c1972
300 _a74 p. :
_c20 cm.
650 _aOil
942 _2ddc
_cBK